| 000 | 00000nam##2200000za#4500 |
| 001 | 9.635832 |
| 003 | CaOODSP |
| 005 | 20250611103529 |
| 007 | cr ||||||||||| |
| 008 | 150407|2007||||xxc|||||o f|0| 0 fre|d |
| 020 | |a978-1-100-90053-7 |
| 040 | |aCaOODSP|bfre |
| 043 | |an-cn--- |
| 086 | 1 |aA52-128/2007F-PDF |
| 110 | 1 |aCanada. |bAgriculture et agroalimentaire Canada. |
| 245 | 13|aUn jus de pomme brut, mais pâle! |h[ressource électronique] |
| 260 | |aOttawa - Ontario : |bAgriculture et Agroalimentaire Canada |cc2007. |
| 300 | |a2p.|bfigure, photographies |
| 590 | |a10-10-Supp|b2010-11-09 |
| 691 | 07|aPomme|2gcpds |
| 691 | 07|aTransformation des aliments|2gcpds |
| 775 | 08|tA raw apple juice that doesn't turn brown! |w(CaOODSP)9.691504 |
| 856 | 40|ahttp://publications.gc.ca|qPDF|s259 Ko|uhttps://publications.gc.ca/collections/collection_2009/agr/A52-128-2007F.pdf |
| 986 | |aNo. AAC 10247F |